00850nam a2200241 a 450000100060000000300080000600500170001400800410003103500190007204000240009104100080011508200260012310000540014924500560020326000270025930000330028650000200031965100590033965100460039894200120044499900170045695201350047361328BD-RjUL20211209080940.0170117s1953 maua 001 0 eng d a(BD-RjUL)61452 aDLCcCarPdDLCbeng aeng 223a330.973bKIP 19531 aKidger, Horace,d1880- [from old catalog]918289410aProblems facing American democracy /cHorace Kidger aBoston :bGinn,cc1953 a728, 34 p. :bill. ;c24 cm. aIncludes index  0aUnited StatesxEconomic conditionsy1918-1945.9182895 0aUnited StatesxSocial conditions.9170756 2ddccBK c61328d61328 00102ddc40718NFICaRUCLbRUCLcReadingd1957-11-19eR. Y. Flunol0o330.973 KIP 1953r2017-01-17 00:00:00tC-1w2017-01-17yBK